000 00507nam a22001937a 4500
003 MPLRDC
005 20220104142909.0
008 210129b ||||| |||| 00| 0 eng d
020 _a7-80035-142-4
082 _a177.2 RHHD v.1
100 _a麦尔顿著; 吴言编译
245 _a弯路直路你走那一条?
_c
250 _a一版一刷
260 _a
_b中国国际广播出版社
_c1988
300 _b
490 _a如何获得成功丛书之四
650 _a
942 _cBK
_o177.2 RHHD v.1
999 _c34655
_d34645